| 000 | 00339nam a2200145Ia 4500 | ||
|---|---|---|---|
| 008 | 230917s9999||||xx |||||||||||||| ||und|| | ||
| 040 |
_e47009 _aMAIN |
||
| 041 | _aEnglish | ||
| 082 | _a801.95 A46H:A | ||
| 100 | _aHouse, Humphry | ||
| 245 | 0 | _aAristotle's poetics | |
| 260 |
_aLudhiana _bKalyani _c1970 |
||
| 300 | _a128 p. | ||
| 942 | _cBK | ||
| 999 |
_c71073 _d71073 |
||